000 00845cam0a220019300 4500
001 zam00007039
008 970717n xx eng u
035 _a(Sirsi) r137039
040 _dUPRA
100 _aKenya Agricultural Research Institute.
_6A108066.1
245 1 0 _aRecord of research: Annual report 1984.
260 _aNairobi :
_bKenya Agricultural Research Institute,
_c1984.
500 _a1982 report available.
520 _aThis report looks at activities carried out by the Agricultural Research Department of the Kenya Agricultural Research Institute during the year 1984.
650 4 _aResearch.
_6S4833.1
650 4 _aResearch report -- Research results -- Kenya.
_xResearch report -- Research results -- Kenya.
_xResearch report -- Research results -- Kenya.
_6S82669.1
949 1 0 _mINESOR
_tBOOK
_lON-SHELF
004 137039
999 _c25447
_d25447